| 000 | 00442nam a2200181Ia 4500 | ||
|---|---|---|---|
| 008 | 240925s9999 xx 000 0 und d | ||
| 020 | _a9786277683009 | ||
| 082 | _a891.4391 SHO | ||
| 100 | _aShoukat, Wajiha | ||
| 245 | 0 | _aTalash-e-Gumshuda | |
| 250 | _aNA | ||
| 260 |
_aNA _bNot Available _cNA |
||
| 300 |
_a115p. _bNA _fNA |
||
| 500 | _aIncludes Index | ||
| 600 | _aHumanities & Natural Science | ||
| 650 | _aLiterature | ||
| 942 | _cBK | ||
| 999 |
_c18239 _d18239 |
||